000 00391cam a2200145 a 4500
020 _a3540618260 (alk. paper)
040 _cDLC
082 0 0 _a526 HOO 1997 A118 Or.
100 1 _aHooijberg, Maarten,
245 1 0 _aPractical geodesy :
_busing computers /
260 _aBerlin ;
_aNew York :
_bSpringer,
_cc1997.
300 _axi, 308 p. :
_bill. ;
_c28 cm.
650 0 _aGeodesy
942 _cAEDBB
999 _c20740
_d20740